000 00923nam a22002657a 4500
005 20090520153159.0
008 081128t xxu||||| |||| 00| 0 eng d
010 _aENG-93624
020 _a9788120334229
_c395.00
035 _aEN-77157
037 _bDBAD / PUB
040 _adpl
_bEnglish
082 _a621.3822
100 _aGurung, J.B.
110 _aCareer Launcher
245 _aSignals and systems /
_cby J.B. Gurung
260 _aNew Delhi
_bPHI Learning
_c2009
270 _aM-97, Connaught Circus,
_bNew Delhi
_e110001
300 _axi, 620p.
_c24cm(pbk)
500 _aIncludes index
650 _aSystem analysis
650 _aSignal theory (Telecommunication)
942 _2ddc
_cEN
_mGUR
_h621.3822
999 _c26634
_d26634